Γλώσσα προγραμματισμου C : με παραδείγματα και ασκήσεις

Αποθηκεύτηκε σε:
Λεπτομέρειες βιβλιογραφικής εγγραφής
Κύριος συγγραφέας: Βασιλείου, Σταύρος
Άλλοι συγγραφείς: Μοσχοβίνος, Ιωάννης
Μορφή: Βιβλίο
Γλώσσα:Greek
Δημοσίευση: Αθήνα : Παπασωτηρίου, 1986
Θέματα:
Ετικέτες: Προσθήκη ετικέτας
Δεν υπάρχουν, Καταχωρήστε ετικέτα πρώτοι!

MARC

LEADER 00000cam a2200000 i 4500
001 1/21599
008 960327s1986 gre d
035 |l 10021744 
040 |a GR-MY-UA  |b gre  |e aacr 
041 0 |a gre 
082 0 |a 005.133 
100 1 |a Βασιλείου, Σταύρος. 
245 1 0 |a Γλώσσα προγραμματισμου C :  |b με παραδείγματα και ασκήσεις /  |c Στ.Βασιλείου, Ι.Μοσχοβίνος 
260 |a Αθήνα :   |b Παπασωτηρίου,   |c 1986 
300 |a 127 σ. 
650 0 |a C (Computer program language) 
700 1 |a Μοσχοβίνος, Ιωάννης. 
852 |a INST  |b CHIOS  |e 19960327  |h 005.133 ΒΑΣ  |p 005200006759  |q 005200006759  |t BK  |y 0 
909 |a Χ  |b 007595